Hồ sơ cá nhân Thế kỉ 20 trước con mắt của những nhân chứng KGB Liên-xô; Sách tham khảo

Uloženo v:
Podrobná bibliografie
Hlavní autor: V A CRUTRKOV
Médium: Kniha
Jazyk:Undetermined
Vydáno: Hà Nội Chính trị Quốc gia 1999
Témata:
Tagy: Přidat tag
Žádné tagy, Buďte první, kdo otaguje tento záznam!
Thư viện lưu trữ: Trung tâm Học liệu Trường Đại học Cần Thơ
LEADER 00621nam a2200181Ia 4500
001 CTU_46817
008 210402s9999 xx 000 0 und d
082 |a 320.09 
082 |b C935 
100 |a V A CRUTRKOV 
245 0 |a Hồ sơ cá nhân 
245 0 |b Thế kỉ 20 trước con mắt của những nhân chứng KGB Liên-xô; Sách tham khảo 
245 0 |c V A CRUTRKOV, Lê Văn Thắng, Đinh Thị Hồng Biên 
260 |a Hà Nội 
260 |b Chính trị Quốc gia 
260 |c 1999 
650 |a communist 
980 |a Trung tâm Học liệu Trường Đại học Cần Thơ